Instructions for installing digiBASE plug-in on a Terra Harvest controller /

Bibliographic Details
Main Author: Gregory, Timothy C. (Author)
Format: Government Document eBook
Language:English
Published: Adelphi, MD : US Army Research Laboratory, March 2015.
Series:ARL-TN ; 0665.
Subjects:
Online Access:https://purl.fdlp.gov/GPO/gpo125158

MARC

Tag First Indicator Second Indicator Subfields
LEADER 00000nam a2200000Ii 4500
001 in00004089021
005 20191030143502.0
006 m o d f
007 cr |||||||||||
008 190904e201503 mdua ob f000 0 eng d
035 |a (OCoLC)on1117340425 
040 |a GPO  |b eng  |e rda  |e pn  |c GPO  |d MvI 
049 |a WWW 
074 |a 0324-A-03 (online) 
086 0 |a D 101.133/2:0665 
100 1 |a Gregory, Timothy C.,  |e author. 
245 1 0 |a Instructions for installing digiBASE plug-in on a Terra Harvest controller /  |c by Timothy C. Gregory. 
264 1 |a Adelphi, MD :  |b US Army Research Laboratory,  |c March 2015. 
300 |a 1 online resource (iv, 14 pages) :  |b color illustrations. 
336 |a text  |b txt  |2 rdacontent 
337 |a computer  |b c  |2 rdamedia 
338 |a online resource  |b cr  |2 rdacarrier 
490 1 |a ARL-TN ;  |v 0665 
500 |a "March 2015." 
504 |a Includes bibliographical references (page 7). 
513 |a Final;  |b 03/2014-05/2014. 
588 |a Description based on online resource, PDF version; title from title page (ARL, viewed September 4, 2019). 
650 0 |a Plug-ins (Computer programs) 
650 0 |a Scintillation counters  |x Computer programs. 
655 7 |a Technical reports.  |2 lcgft 
710 2 |a U.S. Army Research Laboratory,  |e issuing body. 
830 0 |a ARL-TN ;  |v 0665. 
856 4 0 |u https://purl.fdlp.gov/GPO/gpo125158  |t 0 
999 f f |s 4c164726-885d-31a3-8627-25cf67f3f3bc  |i 4ebfb1ed-e365-3186-98fe-0ab0405cfed8  |t 0 
952 f f |a Texas A&M University  |b College Station  |c Electronic Resources  |d Available Online  |t 0  |e D 101.133/2:0665  |h Superintendent of Documents classification 
998 f f |a D 101.133/2:0665  |t 0  |l Available Online